| 000 | 00536nam a2200193Ia 4500 | ||
|---|---|---|---|
| 008 | 151119s9999||||xx |||||||||||||| ||und|| | ||
| 082 | _a891.464 | ||
| 082 | _bGKKV12491 | ||
| 100 | _aघारे दीपक | ||
| 245 | _aआपुलेनी अवकाशे | ||
| 260 | _a-- | ||
| 260 | _b-- | ||
| 260 | _c0 | ||
| 600 | _aघारे दीपक | ||
| 630 | _aआपुलेनी अवकाशे | ||
| 700 | _aघारे दीपक | ||
| 730 | _aआपुलेनी अवकाशे | ||
| 942 | _cBOOK | ||
| 999 |
_c1066340 _d1066337 |
||